| 000 | 00600cam a2200229 4500 | ||
|---|---|---|---|
| 001 | J1831 | ||
| 008 | 090401t1931 xxu||||| |||| 00| 0 eng d | ||
| 035 | _a(Sirsi) u45661 | ||
| 041 | _aeng | ||
| 050 | _a526.92095694 | ||
| 100 | _aLey, C.H. | ||
| 245 | 4 | _aThe structure and procedure of cadastral survey in Palestine. | |
| 260 |
_aJerusalem _bPalestine Government _c1931 |
||
| 300 | _a36p. ; 32cm. | ||
| 350 | _a0 | ||
| 650 | _aCADASTRAL SURVEYING | ||
| 650 | _aLAND REGISTRATION | ||
| 690 | _aLAND SURVEYING | ||
| 710 |
_aPalestine Government _91607 |
||
| 942 | _n0 | ||
| 948 | _c04/03/1997 | ||
| 999 |
_c91792 _d91792 |
||